Inovácie a ich meranie v horských strediskách cestovného ruchu na Slovensku
Podstata inovácií a ich meranie v horských strediskách cestovného ruchu. Štruktúra a miera inovatívnosti 34 hodnotených horských stredísk na Slovensku.
Guardado en:
| Autor principal: | |
|---|---|
| Formato: | Capítulo de libro |
| Lenguaje: | eslovaco |
| Materias: | |
| Etiquetas: |
Sin Etiquetas, Sea el primero en etiquetar este registro!
|
MARC
| LEADER | 00000naa a2200000 4500 | ||
|---|---|---|---|
| 001 | 0200345 | ||
| 005 | 20231016074952.8 | ||
| 041 | 0 | |a slo | |
| 044 | |a SK | ||
| 245 | 1 | 0 | |a Inovácie a ich meranie v horských strediskách cestovného ruchu na Slovensku |c Zuzana Lencsésová |
| 520 | |a Podstata inovácií a ich meranie v horských strediskách cestovného ruchu. Štruktúra a miera inovatívnosti 34 hodnotených horských stredísk na Slovensku. | ||
| 610 | 2 | 0 | |a ruch cestovný |
| 610 | 2 | 0 | |a inovácia |
| 610 | 2 | 0 | |a komunikácia marketingová |
| 610 | 2 | 0 | |a obchod elektronický |
| 610 | 2 | 0 | |a ceny |
| 610 | 2 | 0 | |a produkty |
| 610 | 2 | 0 | |a Slovensko |
| 100 | 1 | |a Lencsésová, Zuzana | |